The Mother goose book / (Record no. 103700)
[ view plain ]
| 000 -LEADER | |
|---|---|
| fixed length control field | 00406nam a2200145 a 4500 |
| 005 - DATE AND TIME OF LATEST TRANSACTION | |
| control field | 20140412111306.0 |
| 008 - FIXED-LENGTH DATA ELEMENTS--GENERAL INFORMATION | |
| fixed length control field | 001109s19uu xx 00 eng d |
| 050 ## - LIBRARY OF CONGRESS CALL NUMBER | |
| Classification number | ER |
| Item number | Mo74 |
| 245 ## - TITLE STATEMENT | |
| Title | The Mother goose book / |
| Statement of responsibility, etc | by Bonnie and Bill Rutherford. |
| 260 ## - PUBLICATION, DISTRIBUTION, ETC. (IMPRINT) | |
| Place of publication, distribution, etc | Racine, Wiscosin : |
| Name of publisher, distributor, etc | Merrigold Press, |
| Date of publication, distribution, etc | 1973. |
| 300 ## - PHYSICAL DESCRIPTION | |
| Extent | 23 p. ; ill. |
| 650 ## - SUBJECT ADDED ENTRY--TOPICAL TERM | |
| Topical term or geographic name as entry element | Poetry for children |
| 650 ## - SUBJECT ADDED ENTRY--TOPICAL TERM | |
| Topical term or geographic name as entry element | Rhymes |
| Withdrawn status | Lost status | Damaged status | Use restrictions | Home library | Current library | Shelving location | Date acquired | Source of acquisition | Total Checkouts | Full call number | Barcode | Date last seen | Price effective from | Koha item type |
|---|---|---|---|---|---|---|---|---|---|---|---|---|---|---|
| Elizalde Library | Elizalde Library | Easy Reading Section | 11/09/2000 | ER Mo74 | E5740 | 04/12/2014 | 04/12/2014 | Books |